Architecture : (Record no. 353579)

000 -LEADER
fixed length control field 00920nam a22002297a 4500
003 - CONTROL NUMBER IDENTIFIER
control field OSt
005 - DATE AND TIME OF LATEST TRANSACTION
control field 20180116192412.0
008 - FIXED-LENGTH DATA ELEMENTS--GENERAL INFORMATION
fixed length control field 121206t1991 xxu||||| |||| 00| 0 eng d
020 ## - INTERNATIONAL STANDARD BOOK NUMBER
International Standard Book Number 9780312097424
020 ## - INTERNATIONAL STANDARD BOOK NUMBER
International Standard Book Number 0312097425
040 ## - CATALOGING SOURCE
Transcribing agency 0
082 ## - DEWEY DECIMAL CLASSIFICATION NUMBER
Classification number 720
100 1# - MAIN ENTRY--PERSONAL NAME
Personal name Scully, Vincent.
9 (RLIN) 6058
245 10 - TITLE STATEMENT
Title Architecture :
Remainder of title the natural and the manmade /
Statement of responsibility, etc. Vincent Scully.
260 ## - PUBLICATION, DISTRIBUTION, ETC.
Place of publication, distribution, etc. New York :
Name of publisher, distributor, etc. St Martins Pr,
Date of publication, distribution, etc. 1991.
300 ## - PHYSICAL DESCRIPTION
Extent 388 p. :
Other physical details ill!;
Dimensions 26 cm.
520 ## - SUMMARY, ETC.
Summary, etc. Scully is a pioneer of 20th century architecture. This volume is the grand sum of his career. It is not only the history of great edifices, but also a book that explores the unique dialogue between human beings and their buildings and the natural world. 500 color/b&w photos.
650 ## - SUBJECT ADDED ENTRY--TOPICAL TERM
Topical term or geographic name entry element Nature (Aesthetics)
9 (RLIN) 6059
650 ## - SUBJECT ADDED ENTRY--TOPICAL TERM
Topical term or geographic name entry element Architecture
9 (RLIN) 6060
942 ## - ADDED ENTRY ELEMENTS (KOHA)
Source of classification or shelving scheme
Koha item type Book
Holdings
Withdrawn status Lost status Source of classification or shelving scheme Damaged status Not for loan Permanent Location Current Location Date acquired Total Checkouts Full call number Barcode Date last seen Cost, replacement price Price effective from Koha item type
          School of Art Design and Architecture (SADA) School of Art Design and Architecture (SADA) 11/20/2012   720 SCU 1991 SADA0001890 01/05/2017 2367.00 01/05/2017 Book
© 2023 Central Library, National University of Sciences and Technology. All Rights Reserved.